Länder, die Haiti am Nächsten Liegen - Sudden Death - Statistiken

Allgemein
  • Dieses Quiz wurde 32 mal gespielt
  • Das Durchschnittsergebnis liegt bei 4 aus 15
Answers on the Grid
Answers color-coded by a green-red scale on the quiz's grid according to % correct below.
Dominikanische Republik
Kuba
Bahamas
Jamaika
Kolumbien
Venezuela
Vereinigte Staaten
St. Kitts und Nevis
Antigua und Barbuda
Honduras
Nicaragua
Panama
Dominica
St. Lucia
St. Vincent und die Grenadinen
Mexiko
Kanada
El Salvador
Belize
Guyana
Surinam
Ecuador
Peru
Brasilien
Paraguay
Bolivien
Trinidad und Tobago
Argentinien
Gambia
Irland
 
Antwortstatistiken
Antwort % Korrekt
Dominikanische Republik
71%
Bahamas
35%
Kuba
35%
Vereinigte Staaten
35%
Dominica
29%
Jamaika
29%
Nicaragua
24%
St. Kitts und Nevis
24%
St. Lucia
24%
St. Vincent und die Grenadinen
18%
Antigua und Barbuda
12%
Honduras
12%
Kolumbien
6%
Panama
0%
Venezuela
0%
Keine übereinstimmenden Quizze gefunden
Verteilung der Resultate
Anzahl Personen mit jedem Resultat
Perzentil nach korrekt beantworteten Fragen
Ihre Resultats-Entwicklung
Sie haben dieses Quiz noch nicht gespielt